Normal view
MARC view
- Gianipa (Giampa-Palmieri Gian Nicola)
Entry Personal Name
001 - CONTROL NUMBER
- control field: 7623
003 - CONTROL NUMBER IDENTIFIER
- control field: IT-RoPau
005 - DATE AND TIME OF LATEST TRANSACTION
- control field: 20140105104653.0
008 - FIXED-LENGTH DATA ELEMENTS
- fixed length control field: 140105|| aca||aabn | a|a d
040 ## - CATALOGING SOURCE
- Original cataloging agency: IT-RoPau
- Transcribing agency: IT-RoPau
100 ## - HEADING--PERSONAL NAME
- Personal name: Gianipa (Giampa-Palmieri Gian Nicola)
- Dates associated with a name: Codice autore SPICS: 14194
- Relator term: Autore
- Name of part/section of a work: Rosabella del Molise
670 ## - SOURCE DATA FOUND
- Source citation: Work cat.: (IT-RoPau)99692: AA.VV. 794, Motivi dell'allegria (I)-vol.1 (Lp 20052)